Металлургические методы переработки шлифотходов магнитного производства; Материалы 6-й научно-технической конференции Сибирского химического комбината, Северск, 17-20 октября 2000 г.; Ч. 1

Bibliografiske detaljer
Parent link:Материалы 6-й научно-технической конференции Сибирского химического комбината, Северск, 17-20 октября 2000 г.: в 3 ч./ Сибирский химический комбинат.— , 2001
Ч. 1.— 2001.— С. 248-252
Andre forfattere: Качуровский А. Н., Скрипников В. В., Анисимов Л. Д., Бояринов О. В., Буйновский А. С. Александр Сергеевич, Верещагин В. И. Владимир Иванович, Софронов В. Л. Владимир Леонидович, Панов О. В., Штефан Ю. П., Макасеев А. Ю., Макасеев Ю. Н.
Sprog:russisk
Udgivet: 2001
Fag:
Format: MixedMaterials Book Chapter
KOHA link:https://koha.lib.tpu.ru/cgi-bin/koha/opac-detail.pl?biblionumber=78415

MARC

LEADER 00000naa2a2200000 4500
001 78415
005 20240208100235.0
035 |a (RuTPU)RU\TPU\book\84038 
090 |a 78415 
100 |a 20050621d2001 k y0rusy50 ca 
101 0 |a rus 
102 |a RU 
200 1 |a Металлургические методы переработки шлифотходов магнитного производства  |f А. Н. Качуровский, В. В. Скрипников, Л. Д. Анисимов [и др.] 
461 1 |0 (RuTPU)RU\TPU\book\208466  |t Материалы 6-й научно-технической конференции Сибирского химического комбината, Северск, 17-20 октября 2000 г.  |o в 3 ч.  |f Сибирский химический комбинат  |d 2001 
463 0 |0 (RuTPU)RU\TPU\book\27071  |y 5-93915-007-1  |t Ч. 1  |v С. 248-252  |d 2001  |p 262 с. 
610 1 |a магниты 
610 1 |a производство 
610 1 |a шлифотходы 
610 1 |a переработка 
610 1 |a металлургические методы 
610 1 |a сплавы 
610 1 |a порошковая металлургия 
610 1 |a труды учёных ТПУ 
701 1 |a Качуровский  |b А. Н. 
701 1 |a Скрипников  |b В. В. 
701 1 |a Анисимов  |b Л. Д. 
701 1 |a Бояринов  |b О. В. 
701 1 |a Буйновский  |b А. С.  |c химик  |c профессор Томского политехнического университета  |f 1940-  |g Александр Сергеевич  |3 (RuTPU)RU\TPU\pers\21950 
701 1 |a Верещагин  |b В. И.  |c химик-технолог  |c профессор Томского политехнического университета, доктор технических наук  |f 1942-  |g Владимир Иванович  |3 (RuTPU)RU\TPU\pers\19774  |9 7712 
701 1 |a Софронов  |b В. Л.  |c российский химик-технолог  |c профессор Томского политехнического университета  |f 1951-  |g Владимир Леонидович  |3 (RuTPU)RU\TPU\pers\22008 
701 1 |a Панов  |b О. В. 
701 1 |a Штефан  |b Ю. П. 
701 1 |a Макасеев  |b А. Ю. 
701 1 |a Макасеев  |b Ю. Н. 
801 1 |a RU  |b 63413507  |c 20050621  |g PSBO 
801 2 |a RU  |b 63413507  |c 20230201  |g PSBO 
942 |c BK